Central Library OPAC University of Rajshahi

Twentieth century Russia / (Record no. 63879)

MARC details
000 -LEADER
fixed length control field 00788nam a2200265 a 4500
001 - CONTROL NUMBER
control field 63879
003 - CONTROL NUMBER IDENTIFIER
rucl marc code BD-RjUL
005 - DATE AND TIME OF LATEST TRANSACTION
control field 20211209081241.0
008 - FIXED-LENGTH DATA ELEMENTS--GENERAL INFORMATION
fixed length control field 170205s1990 coua b 001 0 eng d
020 ## - INTERNATIONAL STANDARD BOOK NUMBER
International Standard Book Number 0813310105
International Standard Book Number 0813310113
035 ## - SYSTEM CONTROL NUMBER
System control number (BD-RjUL)64009
040 ## - CATALOGING SOURCE
Original cataloging agency DLC
Transcribing agency DLC
Modifying agency DLC
-- BD-RjUL
Language of cataloging eng
041 ## - LANGUAGE CODE
Language code of text/sound track or separate title eng
082 00 - DEWEY DECIMAL CLASSIFICATION NUMBER
Classification number 947.084
Edition number 20
Author mark and year TRT 1990
100 1# - MAIN ENTRY--PERSONAL NAME
Personal name Treadgold, Donald W.,
Dates associated with a name 1922-
9 (RLIN) 189589
245 10 - TITLE STATEMENT
Title Twentieth century Russia /
Statement of responsibility, etc. Donald W. Treadgold.
250 ## - EDITION STATEMENT
Edition statement 7th ed.
260 ## - PUBLICATION, DISTRIBUTION, ETC. (IMPRINT)
Place of publication, distribution, etc. Boulder, Colo. :
Name of publisher, distributor, etc. Westview Press,
Date of publication, distribution, etc. 1990.
300 ## - PHYSICAL DESCRIPTION
Pagination xvi, 593 p. :
Illustrations ill. ;
Size 24 cm.
504 ## - BIBLIOGRAPHY, ETC. NOTE
Bibliography, etc Includes bibliographical references (p. 523-551) and index.
651 #0 - SUBJECT ADDED ENTRY--GEOGRAPHIC NAME
Geographic name Soviet Union
General subdivision History.
9 (RLIN) 189588
942 ## - ADDED ENTRY ELEMENTS (KOHA)
Source of classification or shelving scheme Dewey Decimal Classification
Koha item type Books
Holdings
Lost status Source of classification or shelving scheme Damaged status Not for loan Collection code Permanent Location Current Location Shelving location Date acquired Total Checkouts Full call number Date last seen Copy number Koha item type
  Dewey Decimal Classification   Not For Loan Non-fiction Central Library, University of Rajshahi Central Library, University of Rajshahi Reading Room 02/11/1992   947.084 TRT 1990 05/02/2017 C-1 Books